[Event "Llallagua Caballos de Troya op"]
[Site "Llallagua"]
[Date "2024.05.04"]
[Round "5"]
[White "Tapia, Mauricio"]
[Black "Aranibar Barrios, Rene Ricardo"]
[Result "1-0"]
[WhiteElo "1904"]
[BlackElo "1832"]
[PlyCount "65"]
[EventDate "2024.05.03"]
[EventType "swiss"]
[EventRounds "7"]
[EventCountry "BOL"]
[SourceTitle "EXT 2025"]
[Source "ChessBase"]
[SourceDate "2024.10.14"]
[SourceVersion "1"]
[SourceVersionDate "2024.10.14"]
[SourceQuality "1"]

1. d4 Nf6 2. c4 c5 3. d5 d6 4. Nc3 g6 5. e4 Bg7 6. Nf3 0-0 7. h3 e6 8. Bd3 exd5 9. exd5 Re8+ 10. Be3 Nbd7 11. 0-0 Ne5 12. Nxe5 Rxe5 13. Bf4 Re7 14. Qf3 h6 15. Nb5 Rd7 16. Rae1 a6 17. Nc3 b6 18. g4 g5 19. Bd2 Re7 20. Rxe7 Qxe7 21. Re1 Qd8 22. Ne4 Nxe4 23. Qxe4 Bb7 24. Qh7+ Kf8 25. Bc3 Bxc3 26. bxc3 Qf6 27. Qe4 b5 28. Re3 bxc4 29. Bxc4 a5 30. Rf3 Qg7 31. Bb5 Rd8 32. c4 Bc8 33. Qe1 1-0

[Event "Llallagua Caballos de Troya op"]
[Site "Llallagua"]
[Date "2024.05.03"]
[Round "2"]
[White "Ocampo Correa, Carlos David"]
[Black "Aranibar Barrios, Rene Ricardo"]
[Result "0-1"]
[WhiteElo "1437"]
[BlackElo "1832"]
[PlyCount "66"]
[EventDate "2024.05.03"]
[EventType "swiss"]
[EventRounds "7"]
[EventCountry "BOL"]
[SourceTitle "EXT 2025"]
[Source "ChessBase"]
[SourceDate "2024.10.14"]
[SourceVersion "1"]
[SourceVersionDate "2024.10.14"]
[SourceQuality "1"]

1. Nf3 c5 2. g3 g6 3. Bg2 Bg7 4. 0-0 Nf6 5. Nc3 0-0 6. b3 Nc6 7. Bb2 d5 8. d4 cxd4 9. Nxd4 e5 10. Ndb5 a6 11. Na3 Be6 12. e4 d4 13. Ne2 Qb6 14. c3 dxc3 15. Nxc3 Rfd8 16. Qe2 Nd4 17. Qe3 Ng4 18. Qd3 Nxb3 19. Nd5 Bxd5 20. axb3 Bxb3 21. Qf3 Be6 22. Rab1 Qa5 23. Bh3 h5 24. Nc2 Rac8 25. Ne3 Rd3 26. Qe2 Qd2 27. Bxg4 Bxg4 28. Qxd2 Rxd2 29. Nxg4 hxg4 30. Rfc1 Rxc1+ 31. Bxc1 Rd1+ 32. Kg2 Bh6 33. Bxh6 Rxb1 0-1